00374nam a22001337a 450000500170000000800410001704100120005808200130007010000120008324500380009526000520013330000300018565000250021520240816095128.0240816b |||||||| |||| 00| 0 eng d aEnglish a349 LAW  lEnglish aThe Law Reports: Probate Division aLondon: bWilliam Clowes and Sons Ltd, c1876-7 bxix, 398 pages; c25 cm.  aLegal practice bLaw